000 01202cab a2200313 4500
001 ABS53264
008 090401t1995 xxu||||| |||| 00| 0 eng d
035 _a(Sirsi) u3078
041 _aeng
100 _aDollar, P.
245 _aPrivity of contract: get-out law will break the tenant`s chain of liability
260 _c1995
350 _a0
490 _aProperty Week
_v52(3) 20 July 1995, 25(1)
520 _aIdentifies provisions of the Landlord and Tenant (Covenants) Act 1995, which affect current leases and looks at other provisions affecting new leases, such as conditions for the consent to assign and authorised guarantee agreements. Also considers prohibition against assignment.
650 _aLANDLORD AND TENANT (COVENANTS) ACT 1995 S16
650 _aLANDLORD AND TENANT (COVENANTS) ACT 1995 S17
650 _aLANDLORD AND TENANT (COVENANTS) ACT 1995 S24
650 _aLANDLORD AND TENANT (COVENANTS) ACT 1995
650 _aLANDLORD AND TENANT ACT 1927 S19
650 _aLEASES
650 _aPRIVITY OF CONTRACT
650 _aREFORM
650 _aSUB-LETTING
690 _aPROPERTY-LANDLORD AND TENANT
700 _aWebb, C.
942 _n0
948 _c04/03/1997
999 _c1861
_d1861